«XXI դար՝ էկոլոգիական գիտությունը Հայաստանում» : (Record no. 108374)
[ view plain ]
| 000 -LEADER | |
|---|---|
| fixed length control field | 02011nam a2200349 u 4500 |
| 001 - CONTROL NUMBER | |
| control field | 000295412 |
| 003 - CONTROL NUMBER IDENTIFIER | |
| control field | AM-YeHGA |
| 005 - DATE AND TIME OF LATEST TRANSACTION | |
| control field | 20250618071920.0 |
| 008 - FIXED-LENGTH DATA ELEMENTS--GENERAL INFORMATION | |
| fixed length control field | 031209s2003 ai r 000 0 arm d |
| 020 ## - INTERNATIONAL STANDARD BOOK NUMBER | |
| International Standard Book Number | 9994190717 |
| 040 ## - CATALOGING SOURCE | |
| Original cataloging agency | AM-YeHGA |
| 041 0# - LANGUAGE CODE | |
| Language code of text/sound track or separate title | arm |
| 080 ## - UNIVERSAL DECIMAL CLASSIFICATION NUMBER | |
| Universal Decimal Classification number | 574 |
| 090 ## - LOCALLY ASSIGNED LC-TYPE CALL NUMBER (OCLC); LOCAL CALL NUMBER (RLIN) | |
| Classification number (OCLC) (R) ; Classification number, CALL (RLIN) (NR) | Հ-911 |
| 090 ## - LOCALLY ASSIGNED LC-TYPE CALL NUMBER (OCLC); LOCAL CALL NUMBER (RLIN) | |
| -- | 109702 |
| 111 2# - MAIN ENTRY--MEETING NAME | |
| Meeting name or jurisdiction name as entry element | Հանրապետական երիտասարդական գիտաժողով |
| Number of part/section/meeting | (4 ; |
| Date of meeting or treaty signing | 2003 ; |
| Location of meeting | Երևան) |
| 245 12 - TITLE STATEMENT | |
| Title | «XXI դար՝ էկոլոգիական գիտությունը Հայաստանում» : |
| Remainder of title | Քաղաքների բնապահպանական հիմնախնդիրները: "XXI век: экологическая наука в Армении"= "XXI centuri: ecological science in Armenia": Նյութեր: 15-17.12.2003 / |
| Statement of responsibility, etc. | ՀՀ ԳԱԱ, Էկոլոգանոոսֆեր. հետազոտ. կենտրոն, Երևանի քաղաքապետարան; Խմբ. խորհուրդ՝ Ա.Կ. Սաղաթելյան (գլխ. խմբ.) և ուրիշ. |
| 246 31 - VARYING FORM OF TITLE | |
| Title proper/short title | "XXI век: экологическая наука в Армении" |
| 246 31 - VARYING FORM OF TITLE | |
| Title proper/short title | "XXI centuri: ecological science in Armenia" |
| 246 33 - VARYING FORM OF TITLE | |
| Title proper/short title | Քաղաքների բնապահպանական հիմնախնդիրները |
| 260 ## - PUBLICATION, DISTRIBUTION, ETC. | |
| Place of publication, distribution, etc. | Երևան : |
| Name of publisher, distributor, etc. | ՀՀ ԳԱԱ էկոլոգանոոսֆեր. հետազոտ. կենտրոնի հրատ., |
| Date of publication, distribution, etc. | 2003. |
| 300 ## - PHYSICAL DESCRIPTION | |
| Extent | 272 էջ : |
| Other physical details | նկ., աղս., քարտեզ ; |
| Dimensions | 21 սմ. |
| 500 ## - GENERAL NOTE | |
| General note | Նվիրվում է ՀՀ ԳԱԱ 60 ամյակին |
| 504 ## - BIBLIOGRAPHY, ETC. NOTE | |
| Bibliography, etc. note | Մատենագիտ.՝ հոդվ. վերջում |
| 546 ## - LANGUAGE NOTE | |
| Language note | Զուգահեռ տեքստը ՝ ռուս., անգլ. |
| 650 14 - SUBJECT ADDED ENTRY--TOPICAL TERM | |
| Topical term or geographic name entry element | Էկոլոգիա |
| 700 1# - ADDED ENTRY--PERSONAL NAME | |
| Personal name | Սաղաթելյան, Արմեն Կառլենի, |
| Dates associated with a name | 1953- |
| Relator term | խմբ. |
| Relationship | edt |
| 9 (RLIN) | 1242 |
| 700 1# - ADDED ENTRY--PERSONAL NAME | |
| Personal name | Արևշատյան, Ս.Հ. |
| Relator term | խմբ. |
| Relationship | edt |
| 700 1# - ADDED ENTRY--PERSONAL NAME | |
| Personal name | Կոսումյան, Ռ.Ս. |
| Relator term | խմբ. |
| Relationship | edt |
| 710 2# - ADDED ENTRY--CORPORATE NAME | |
| Corporate name or jurisdiction name as entry element | Էկոլոգանոոսֆերային հետազոտությունների կենտրոն, ՀՀ ԳԱԱ |
| 710 2# - ADDED ENTRY--CORPORATE NAME | |
| Corporate name or jurisdiction name as entry element | Երևանի քաղաքապետարան |
| Withdrawn status | Lost status | Damaged status | Not for loan | Collection | Home library | Current library | Date acquired | Total checkouts | Full call number | Barcode | Date last seen | Price effective from | Koha item type | Public note |
|---|---|---|---|---|---|---|---|---|---|---|---|---|---|---|
| General | Fundamental Scientific Library | Fundamental Scientific Library | 22/12/2016 | AII/88699 | 220088699 | 22/12/2016 | 22/12/2016 | Գրքեր / Books | 30 Days Loan | |||||
| General | Fundamental Scientific Library | Fundamental Scientific Library | 22/12/2016 | AII/88700 | 220088700 | 22/12/2016 | 22/12/2016 | Գրքեր / Books | 30 Days Loan |
ՀՀ Գիտությունների ազգային ակադեմիայի հիմնարար գիտական գրադարան = Fundamental Scientific Library of NAS RA
All site content, except where otherwise noted, is licensed under a